000 00581nam a2200181Ia 4500
008 090124s9999 xx 000 0 und d
082 _b20499
_a2361
100 _aडांगे सदाशिव अं.
245 _a अश्वत्थाची पाने
250 _a1
260 _c1974
300 _a262+24
600 _aडांगे सदाशिव अं.
630 _a अश्वत्थाची पाने
700 _aडांगे सदाशिव अं.
730 _a अश्वत्थाची पाने
942 _cBOOK
999 _c134304
_d134304